000
00251 a2200109 4500
000
nam a22 7a 4500
005
20260313150434.0
100
_a
Kumar, Rahul
_9
984354
245
_a
Machine learning using R
260
_b
Wiley
_c
2024
942
_c
AUD
999
_c
1715388
_d
1715388